Logo Biblioteca

La escasez social del agua : (Registro nro. 671)

Detalles MARC
000 -LEADER
fixed length control field 00694nam a22001937a 4500
003 - CONTROL NUMBER IDENTIFIER
control field AR-RoUNCS
005 - DATE AND TIME OF LATEST TRANSACTION
control field 20251031101645.0
008 - FIXED-LENGTH DATA ELEMENTS--GENERAL INFORMATION
fixed length control field 251031t2015 ag ||||| |||| 00| 0 spa d
020 ## - INTERNATIONAL STANDARD BOOK NUMBER
International Standard Book Number 978-987-702-109-7
040 ## - CATALOGING SOURCE
Transcribing agency AR-RoUNCS
100 1# - MAIN ENTRY--PERSONAL NAME
Personal name Faccendini, Aníbal Ignacio
Relator term autor
245 13 - TITLE STATEMENT
Title La escasez social del agua :
Remainder of title cuestión de lesa ambientalidad /
Statement of responsibility, etc. Aníbal Ignacio Faccendini ; prefacios, Leonardo Boff, Fabián Bicciré
260 ## - PUBLICATION, DISTRIBUTION, ETC.
Place of publication, distribution, etc. Rosario :
Name of publisher, distributor, etc. UNR Editora,
Date of publication, distribution, etc. 2015
300 ## - PHYSICAL DESCRIPTION
Extent 189 p. :
Dimensions 23 cm.
500 ## - GENERAL NOTE
General note Subtítulo: La administración pública del bien común y la administración estatal.
650 #4 - SUBJECT ADDED ENTRY--TOPICAL TERM
Topical term or geographic name entry element MEDIO AMBIENTE
650 #4 - SUBJECT ADDED ENTRY--TOPICAL TERM
Topical term or geographic name entry element POLÍTICA AMBIENTAL
942 ## - ADDED ENTRY ELEMENTS (KOHA)
Source of classification or shelving scheme Universal Decimal Classification
Koha item type Obra General
Suppress in OPAC No
Existencias
Withdrawn status Lost status Source of classification or shelving scheme Damaged status Not for loan Collection Home library Current library Date acquired Total checkouts Full call number Barcode Date last seen Price effective from Koha item type
    Universal Decimal Classification     Colección General Biblioteca Escuela de Ciencias Sociales Biblioteca Escuela de Ciencias Sociales 31/10/2025   502 F137 000333 31/10/2025 31/10/2025 Obra General
Biblioteca de la Escuela Preuniversitaria en Ciencias Sociales y Humanísticas.
Riobamba 250 bis.
CP 2000 - Rosario - Santa Fe
E-Mail: biblioteca@esociales.unr.edu.ar